| 000 | 01116nam a22003854a 4500 | ||
|---|---|---|---|
| 001 | UByD003470 | ||
| 003 | AR-LpoUNG | ||
| 005 | 20241212135218.0 | ||
| 008 | 241212s2024 ag 000 0 spa d | ||
| 020 | _a9789876307697 | ||
| 040 |
_aAR-LpoUNG _bspa _cAR-LpoUNG _eaacr |
||
| 041 | 0 | _aspa | |
| 082 | 0 | _a982.063 661mil | |
| 100 | 1 | _aGordillo, Mónica | |
| 245 | 1 | 0 | _a1969 : protesta y liberación |
| 246 | 0 |
_aMil novecientos sesenta y nueve : _bprotesta y liberación |
|
| 250 | _a1ra. ed | ||
| 260 |
_aBuenos Aires : _bUniversidad Nacional de General Sarmiento, _c2024. |
||
| 300 | _a175 p. | ||
| 490 | 0 |
_aHumanidades. Años cruciales ; _vno. 4 |
|
| 650 | 4 | _aANALISIS HISTORICO | |
| 650 | 4 | _aHISTORIA ARGENTINA | |
| 650 | 4 | _aHISTORIA POLITICA | |
| 650 | 4 | _aCONDICIONES ECONOMICAS | |
| 650 | 4 | _aASPECTOS SOCIALES | |
| 650 | 4 | _aASPECTOS POLITICOS | |
| 650 | 4 | _aFACTORES CULTURALES | |
| 650 | 4 | _aREVOLUCION | |
| 650 | 4 | _aMOVIMIENTO DE LIBERACION | |
| 650 | 4 | _aCONFLICTOS SOCIALES | |
| 650 | 4 | _aORGANIZACION NACIONAL | |
| 650 | 4 | _aCORDOBAZO | |
| 651 | 4 | _aARGENTINA | |
| 942 |
_2ddc _cLIB |
||
| 999 |
_c66153 _d66153 |
||